USA states that touch the boarder of Cnada Quiz Stats

 Plays Quiz not verified by Sporcle

Support Sporcle.
Go Orange.
Score 0/11 Timer 02:00
0 Plays Today
The states that touch Canada State % Correct
Above OregonWashington
98.8%
Above South DakotaNorth Dakota
94.9%
Above PennsylvaniaNew York
93.3%
Right of your last anwser Maine
93.3%
Above WyomingMontana
92.1%
Right of WisconsinMichigan
90.9%
Above NevadaIdaho
90.2%
Above Massachusetts Vermont
89.4%
Also above MassachusettsNew Hampshire
86.6%
Above IowaMinnesota
84.3%
Left of the Yukon Territories Alaska
78%

You're not logged in!

Compare scores with friends on all Sporcle quizzes.
OR
Log In

From the Vault

Sports Logos

by SporcleAdmin

Logo: a graphical representation, symbol or emblem; reason to sell jerseys.
Remove Ads.
Support Sporcle.
Get the best of Sporcle when you Go Orange. This ad-free experience offers more features, more stats, and more fun while also helping to support Sporcle. Thank you for becoming a member.

Show Comments

Extras

Top Quizzes Today


Score Distribution

Your Account Isn't Verified!

In order to create a playlist on Sporcle, you need to verify the email address you used during registration. Go to your Sporcle Settings to finish the process.

Report this User

Report this user for behavior that violates our Community Guidelines.

Details: